000
00208nam a22000857a 4500
008
161210b xxu||||| |||| 00| 0 eng d
100
_9
1979
_a
CBSE
245
_a
APC Digest English-XI
260
_a
New Delhi
_b
APC
_c
2011
999
_c
4789
_d
4789